Multicultural examination of valuation behaviour (Record no. 118152)

MARC details
000 -LEADER
fixed length control field 01604cam a2200289 4500
001 - CONTROL NUMBER
control field ABS68398
008 - FIXED-LENGTH DATA ELEMENTS--GENERAL INFORMATION
fixed length control field 041013n2004 000 0 eng u
035 ## - SYSTEM CONTROL NUMBER
System control number (Sirsi) u127690
100 ## - MAIN ENTRY--PERSONAL NAME
Personal name Diaz, J.
245 ## - TITLE STATEMENT
Title Multicultural examination of valuation behaviour
260 ## - PUBLICATION, DISTRIBUTION, ETC.
Date of publication, distribution, etc. 2004
490 ## - SERIES STATEMENT
Series statement Journal of Property Investment and Finance
Volume/sequential designation 22(4) 2004, 339-346(8)
520 ## - SUMMARY, ETC.
Summary, etc. A series of experiments were conducted to examine valuation behaviour in the UK, the US and New Zealand (NZ). Professional surveyors from all three countries participated in the study whose findings support the notion that the UK normative model is cognitively demanding and that greater departures from it result in reduced cognitive effort. The study also concluded that subjects from cultures requiring disclosure (US and NZ) examined a significantly greater number of sales than subjects from the UK where disclosure is uncommon. Finally, while valuers perhaps ought to increase sales search in unfamiliar markets, this research revealed no evidence that they did so. These findings are consistent with the need to seek cognitive efficiency and reduce cognitive effort even at the expense of performance quality. References [Taken from journal abstract].
590 ## - LOCAL NOTE (RLIN)
Local note ABS
590 ## - LOCAL NOTE (RLIN)
Local note ABS
650 ## - SUBJECT ADDED ENTRY--TOPICAL TERM
Topical term or geographic name entry element VALUE ANALYSIS
650 ## - SUBJECT ADDED ENTRY--TOPICAL TERM
Topical term or geographic name entry element VALUATION PROCESS
650 ## - SUBJECT ADDED ENTRY--TOPICAL TERM
Topical term or geographic name entry element DISCLOSURES
650 ## - SUBJECT ADDED ENTRY--TOPICAL TERM
Topical term or geographic name entry element SURVEYORS
650 ## - SUBJECT ADDED ENTRY--TOPICAL TERM
Topical term or geographic name entry element UNITED KINGDOM
650 ## - SUBJECT ADDED ENTRY--TOPICAL TERM
Topical term or geographic name entry element UNITED STATES
650 ## - SUBJECT ADDED ENTRY--TOPICAL TERM
Topical term or geographic name entry element NEW ZEALAND
690 ## - LOCAL SUBJECT ADDED ENTRY--TOPICAL TERM (OCLC, RLIN)
Topical term or geographic name as entry element VALUATION AND INVESTMENT APPRAISAL
700 ## - ADDED ENTRY--PERSONAL NAME
Personal name Gallimore, P.
700 ## - ADDED ENTRY--PERSONAL NAME
Personal name Levy, D.
942 ## - ADDED ENTRY ELEMENTS (KOHA)
Suppress in OPAC 0
Holdings
Withdrawn status Lost status Source of classification or shelving scheme Damaged status Not for loan Home library Current library Shelving location Date acquired Total Checkouts Full call number Barcode Date last seen Copy number Price effective from Koha item type
    Dewey Decimal Classification     London London Journal article 13/10/2004   ABS68398 127690-1001 06/08/2019 1 06/08/2019 Journal article